ბათუმის შოთა რუსთაველის სახელმწიფო უნივერსიტეტის ბიბლიოთეკა

საკონსტიტუციო სამართლის ჟურნალი : (ბიბ.ჩანაწერი № 63314)

000 -LEADER
fixed length control field 00804nam a22001697a 4500
005 - DATE AND TIME OF LATEST TRANSACTION
control field 20250811130722.0
008 - FIXED-LENGTH DATA ELEMENTS--GENERAL INFORMATION
fixed length control field 250811c2021 ge ||||| |||| 00| 0 geo d
022 ## - INTERNATIONAL STANDARD SERIAL NUMBER
International Standard Serial Number 25875337
041 ## - LANGUAGE CODE
Language code of text/sound track or separate title geo
245 ## - TITLE STATEMENT
Title საკონსტიტუციო სამართლის ჟურნალი :
Remainder of title სპეც. გამოშვება. საქართველოს დემოკრატიული რესპუბლიკის 1921 წლის კონსტიტუცია /
Statement of responsibility, etc. მთავ. რედ. მ.ტურავა.
260 ## - PUBLICATION, DISTRIBUTION, ETC.
Place of publication, distribution, etc. ბათუმი,
Date of publication, distribution, etc.
300 ## - PHYSICAL DESCRIPTION
Extent V.
653 ## - INDEX TERM--UNCONTROLLED
Uncontrolled term სამართალი
653 ## - INDEX TERM--UNCONTROLLED
Uncontrolled term კონსტიტუცია
700 ## - ADDED ENTRY--PERSONAL NAME
Personal name ტურავა, მ.
Relator term მთ. რედაქტორი
9 (RLIN) 25749
942 ## - ADDED ENTRY ELEMENTS (KOHA)
Source of classification or shelving scheme
Koha item type პერიოდიკა
ეგზემპლარები
Withdrawn status Lost status Source of classification or shelving scheme Damaged status Not for loan Permanent Location Current Location Shelving location Date acquired Serial Enumeration / chronology Barcode Date last seen Copy number Price effective from Koha item type
          ბათუმის შოთა რუსთაველის სახელმწიფო უნივერსიტეტის მთავარი ბიბლიოთეკა ბათუმის შოთა რუსთაველის სახელმწიფო უნივერსიტეტის მთავარი ბიბლიოთეკა წიგნსაცავი 2025-08-11 დეკემბერი # 1-2 (2021) 81375 პერიოდიკა 2025-08-11 81375 2025-08-11 პერიოდიკა
          ბათუმის შოთა რუსთაველის სახელმწიფო უნივერსიტეტის მთავარი ბიბლიოთეკა ბათუმის შოთა რუსთაველის სახელმწიფო უნივერსიტეტის მთავარი ბიბლიოთეკა წიგნსაცავი 2025-08-11 სექტემბერი # 1 (2022) 81376 პერიოდიკა 2025-08-11 81376 2025-08-11 პერიოდიკა
          ბათუმის შოთა რუსთაველის სახელმწიფო უნივერსიტეტის მთავარი ბიბლიოთეკა ბათუმის შოთა რუსთაველის სახელმწიფო უნივერსიტეტის მთავარი ბიბლიოთეკა წიგნსაცავი 2025-08-11 დეკემბერი # 2 (2022) 81377 პერიოდიკა 2025-08-11 81377 2025-08-11 პერიოდიკა